Suburbs of Logan City, Queensland - Statistics

General Stats
  • This quiz has been taken 37 times
  • The average score is 21 of 69
Answer Stats
Suburb % Correct
Woodridge
90%
Logan Central
85%
Loganholme
85%
Beenleigh
80%
Loganlea
75%
Springwood
75%
Kingston
70%
Slacks Creek
60%
Underwood
60%
Browns Plains
55%
Park Ridge
55%
Shailer Park
55%
Rochedale South
50%
Tanah Merah
50%
Bahrs Scrub
45%
Daisy Hill
45%
Greenbank
45%
Jimboomba
45%
Marsden
45%
Eagleby
40%
Logan Village
40%
Waterford
40%
Waterford West
40%
Crestmead
35%
North Maclean
35%
South Maclean
35%
Windaroo
35%
Yarrabilba
35%
Cornubia
30%
Edens Landing
30%
Mount Warren Park
30%
Regents Park
30%
Bethania
25%
Boronia Heights
25%
Flagstone
25%
Heritage Park
25%
Logan Reserve
25%
New Beith
25%
Berrinba
20%
Carbrook
20%
Cedar Creek
20%
Forestdale
20%
Hillcrest
20%
Munruben
20%
Park Ridge South
20%
Tamborine
20%
Wolffdene
20%
Belivah
15%
Buccan
15%
Chambers Flat
15%
Holmview
15%
Meadowbrook
15%
Priestdale
15%
Bannockburn
10%
Cedar Vale
10%
Lyons
10%
Stockleigh
10%
Veresdale
10%
Cedar Grove
5%
Glenlogan
5%
Mundoolun
5%
Veresdale Scrub
5%
Woodhill
5%
Flinders Lakes
0%
Kagaru
0%
Monarch Glen
0%
Riverbend
0%
Silverbark Ridge
0%
Undullah
0%
No matching quizzes found
Score Distribution
Percent of People with Each Score
Percentile by Number Answered
Your Score History
You have not taken this quiz